অন্ধকারের শিল্প / (Record no. 254402)
[ view plain ]
| 000 -LEADER | |
|---|---|
| fixed length control field | 00784nam a22002057a 4500 |
| 003 - CONTROL NUMBER IDENTIFIER | |
| control field | BD-DhUL |
| 005 - DATE AND TIME OF LATEST TRANSACTION | |
| control field | 20210912153224.0 |
| 008 - FIXED-LENGTH DATA ELEMENTS--GENERAL INFORMATION | |
| fixed length control field | 210908s2015 bg ||||| |||| 00| 0 ben |
| 020 ## - INTERNATIONAL STANDARD BOOK NUMBER | |
| International Standard Book Number | 9789849154846 (hbk) |
| 040 ## - CATALOGING SOURCE | |
| Original cataloging agency | BD-DhUL |
| Transcribing agency | BD-DhUL |
| 082 ## - DEWEY DECIMAL CLASSIFICATION NUMBER | |
| Classification number | 891.441 |
| Item number | JAO |
| 100 1# - MAIN ENTRY--PERSONAL NAME | |
| Personal name | জাহাঙ্গীর, বোরহানউদ্দিন খান |
| 245 00 - TITLE STATEMENT | |
| Title | অন্ধকারের শিল্প / |
| Statement of responsibility, etc. | বোরহানউদ্দিন খান জাহাঙ্গীর । |
| 260 ## - PUBLICATION, DISTRIBUTION, ETC. (IMPRINT) | |
| Place of publication, distribution, etc. | ঢাকা : |
| Name of publisher, distributor, etc. | জার্নিম্যান বুকস, |
| Date of publication, distribution, etc. | ২০১৫ । |
| 300 ## - PHYSICAL DESCRIPTION | |
| Extent | ৩৯ পৃ. ; |
| Dimensions | ১৭ সেমি. |
| 365 ## - TRADE PRICE | |
| Price type code | BDT |
| Price amount | 120.00 |
| 650 0# - SUBJECT ADDED ENTRY--TOPICAL TERM | |
| Topical term or geographic name as entry element | বাংলা কবিতা । |
| 650 0# - SUBJECT ADDED ENTRY--TOPICAL TERM | |
| Topical term or geographic name as entry element | Bangali poetry. |
| 942 ## - ADDED ENTRY ELEMENTS (KOHA) | |
| Source of classification or shelving scheme | |
| Koha item type | Books |
| Date last seen | Permanent Location | Not for loan | Date acquired | Source of classification or shelving scheme | Koha item type | Lost status | Withdrawn status | Copy number | Source of acquisition | Collection code | Damaged status | Shelving location | Barcode | Current Location | Full call number |
|---|---|---|---|---|---|---|---|---|---|---|---|---|---|---|---|
| 2021-09-08 | Dhaka University Library | 2021-01-27 | Books | 1 | Purchased | Non Fiction | General Stacks | 519760 | Dhaka University Library | 891.441 JAO | |||||
| 2021-09-08 | Dhaka University Library | 2021-01-27 | Books | 2 | Purchased | Non Fiction | General Stacks | 519761 | Dhaka University Library | 891.441 JAO |
